Rosa Inter 2025/2026 - Statistics

Statistiche generali
  • Questo quiz è stato fatto 241 volte
  • Il punteggio medio è 21 su 25
Statistiche sulle risposte
RUOLO GIOCATORE NAZIONE % Corretto
POR MARTINEZ SPAGNA
99%
ATT MARTINEZ ARGENTINA
99%
POR SOMMER SVIZZERA
99%
DC BASTONI ITALIA
98%
CC BARELLA ITALIA
95%
TS DIMARCO ITALIA
95%
ATT THURAM FRANCIA
95%
DC ACERBI ITALIA
91%
ATT BONNY FRANCIA
91%
TD DUMFRIES OLANDA
90%
DC BISSECK GERMANIA
89%
ATT ESPOSITO ITALIA
89%
DC AKANJI SVIZZERA
88%
CDC CALHANOGLU TURCHIA
88%
DC DE VRIJ OLANDA
88%
TD DARMIAN ITALIA
83%
CC FRATTESI ITALIA
83%
CC ZIELINSKI POLONIA
83%
TS AUGUSTO BRASILE
77%
CC MKHITARYAN ARMENIA
76%
POR DI GENNARO ITALIA
72%
ED HENRIQUE BRASILE
72%
CC DIOUF FRANCIA
71%
DC PALACIOS ARGENTINA
59%
CC SUSIC CROAZIA
23%
Nessun quiz corrispondente trovato
Distribuzione punteggi
Percentuale di utenti per punteggio
Percentile per numero di risposta
I tuoi punteggi nel tempo
Non hai fatto questo quiz